[Event "Turkey Cup 2019"]
[Site "Belek"]
[Date "2019.01.30"]
[Round "6.88"]
[White "Baspinar, Mehmet"]
[Black "Konez, Serkan"]
[Result "1-0"]
[WhiteElo "1558"]
[BlackElo "1513"]
[Annotator "NA"]
[PlyCount "71"]
[EventDate "2019.01.27"]
[EventType "swiss"]
[EventCountry "TUR"]
[SourceTitle "playchess.com"]
[Source "ChessBase"]
[SourceQuality "1"]

1. d4 f5 2. c4 Nf6 3. Nc3 g6 4. f3 Bg7 5. e4 d6 6. Bd3 fxe4 7. Bxe4 O-O 8. Be3 c6 9. Bc2 Na6 10. a3 Rf7 11. Qd2 Qf8 12. O-O-O Nc7 13. h4 Nh5 14. Nge2 e5 15. Kb1 Be6 16. d5 cxd5 17. cxd5 Bd7 18. g4 Nf4 19. Nxf4 exf4 20. Bd4 b5 21. h5 g5 22. Bxg7 Rxg7 23. h6 Re7 24. Rh5 Re5 25. Ne4 Qe7 26. Qd3 Kf8 27. Rxg5 Rxg5 28. Nxg5 Qxg5 29. Qxh7 Rd8 30. Bg6 Qf6 31. g5 Bf5+ 32. Bxf5 Qxg5 33. Be6 Nxe6 34. dxe6 Qf6 35. Re1 Re8 36. e7+ 1-0

[Event "Turkey Cup 2019"]
[Site "Belek"]
[Date "2019.01.30"]
[Round "6.89"]
[White "Sabahi, Cem"]
[Black "Bayram, Irem Inci"]
[Result "1-0"]
[WhiteElo "1642"]
[BlackElo "1525"]
[Annotator "NA"]
[PlyCount "108"]
[EventDate "2019.01.27"]
[EventType "swiss"]
[EventCountry "TUR"]
[SourceTitle "playchess.com"]
[Source "ChessBase"]
[SourceQuality "1"]

1. e4 c5 2. Nf3 g6 3. g3 Bg7 4. d3 d6 5. Bg2 Nc6 6. c3 Nf6 7. O-O O-O 8. Re1 e5 9. d4 exd4 10. cxd4 Bg4 11. dxc5 dxc5 12. Qc2 Re8 13. Nc3 Nd4 14. Nxd4 cxd4 15. Nd1 d3 16. Qd2 Rc8 17. Nc3 Qd6 18. Re3 Rcd8 19. h3 Bc8 20. Nd5 Nxd5 21. Rxd3 Be6 22. exd5 Bf5 23. Re3 Re5 24. Rxe5 Bxe5 25. Qe2 Rc8 26. g4 Bd7 27. Be3 a6 28. Re1 Bb5 29. Qd2 Bg7 30. Bf4 Qd7 31. d6 Bf8 32. Rd1 Re8 33. Bf3 Bg7 34. b3 Bf8 35. Qa5 Rc8 36. Qb6 Bc6 37. Kg2 h6 38. Qe3 Kh7 39. h4 Bxf3+ 40. Qxf3 Rc6 41. Kg3 Bxd6 42. Kh3 Kg7 43. Qd3 h5 44. f3 Qe6 45. Bxd6 Qf6 46. Bg3 Kh7 47. Rf1 Qe7 48. Qd5 f6 49. Re1 Qf8 50. Qd7+ Kg8 51. Re8 g5 52. Rxf8+ Kxf8 53. Qxb7 Re6 54. Qd7 Re3 1-0

[Event "Turkey Cup 2019"]
[Site "Belek"]
[Date "2019.01.30"]
[Round "6.90"]
[White "Kurt, Emre"]
[Black "Karakaya, Mehmet"]
[Result "1/2-1/2"]
[WhiteElo "1677"]
[BlackElo "1494"]
[Annotator "NA"]
[PlyCount "84"]
[EventDate "2019.01.27"]
[EventType "swiss"]
[EventCountry "TUR"]
[SourceTitle "playchess.com"]
[Source "ChessBase"]
[SourceQuality "1"]

1. e4 c5 2. Nf3 g6 3. d4 cxd4 4. Nxd4 Bg7 5. c4 Nc6 6. Be3 Nf6 7. Nc3 d6 8. Be2 Bd7 9. h3 O-O 10. O-O Nxd4 11. Bxd4 Bc6 12. e5 dxe5 13. Bxe5 Qxd1 14. Rfxd1 Rfd8 15. b4 Ne4 16. Bxg7 Kxg7 17. Nxe4 Bxe4 18. Rxd8 Rxd8 19. Rd1 Rxd1+ 20. Bxd1 Bd3 21. c5 Bc4 22. Bf3 b6 23. c6 Ba6 24. a4 Kf6 25. b5 Bc8 26. Bg4 e6 27. f4 h5 28. Bf3 e5 29. fxe5+ Kxe5 30. Kf2 h4 31. Ke3 f5 32. Be2 g5 33. Bh5 g4 34. hxg4 fxg4 35. Be8 h3 36. gxh3 gxh3 37. Kf3 Kd6 38. Kg3 Be6 39. Bg6 Bb3 40. Kxh3 Bxa4 41. Bd3 Bxb5 42. Bxb5 a6 1/2-1/2

[Event "Turkey Cup 2019"]
[Site "Belek"]
[Date "2019.01.30"]
[Round "6.91"]
[White "Daghan, Devran"]
[Black "Kaplan, Cem Azad"]
[Result "1-0"]
[WhiteElo "2020"]
[BlackElo "1602"]
[Annotator "NA"]
[PlyCount "61"]
[EventDate "2019.01.27"]
[EventType "swiss"]
[EventCountry "TUR"]
[SourceTitle "playchess.com"]
[Source "ChessBase"]
[SourceQuality "1"]

1. e4 e6 2. d4 d5 3. Nc3 Bb4 4. e5 c5 5. a3 Ba5 6. b4 cxd4 7. Nb5 Bc7 8. Nf3 Nc6 9. Bf4 f6 10. Nxc7+ Qxc7 11. exf6 e5 12. fxg7 Qxg7 13. Nxe5 Nf6 14. Nxc6 bxc6 15. Qxd4 O-O 16. O-O-O a5 17. Rd3 Bf5 18. Rg3 Bg6 19. Be5 Qe7 20. Bd3 Ne4 21. Bxe4 dxe4 22. h4 Rf5 23. Qc4+ Qf7 24. Qxc6 Rxe5 25. Qxa8+ Re8 26. Qc6 Re6 27. Qc3 axb4 28. axb4 h5 29. Rd1 Qe8 30. Qc7 Rc6 31. Rxg6+ 1-0

[Event "Turkey Cup 2019"]
[Site "Belek"]
[Date "2019.01.30"]
[Round "6.92"]
[White "Albayrak, Kerem"]
[Black "Nas, Muhammed Akif Bahad"]
[Result "1-0"]
[WhiteElo "1949"]
[BlackElo "1660"]
[Annotator "NA"]
[PlyCount "111"]
[EventDate "2019.01.27"]
[EventType "swiss"]
[EventCountry "TUR"]
[SourceTitle "playchess.com"]
[Source "ChessBase"]
[SourceQuality "1"]

1. d4 d5 2. Nf3 Bf5 3. c4 e6 4. Qb3 Nc6 5. e3 a6 6. Bd2 Rb8 7. cxd5 exd5 8. Nc3 Nf6 9. Rc1 Bb4 10. Nh4 Be6 11. Bd3 Ne4 12. Nf3 Nxd2 13. Nxd2 Qg5 14. Kf1 O-O 15. Nf3 Qh6 16. h4 Rfd8 17. Ne2 Bd6 18. Ng5 g6 19. Nxe6 fxe6 20. f4 Rf8 21. Kg1 Bb4 22. Qc2 Be7 23. a3 e5 24. Bxa6 exf4 25. Bxb7 f3 26. Nf4 Nxd4 27. Bxd5+ Kh8 28. Qd2 Ne2+ 29. Nxe2 fxe2 30. Qxe2 Bf6 31. Rc2 Rbe8 32. Rh3 Bd4 33. Kh1 Rxe3 34. Rxe3 Bxe3 35. Rc4 c5 36. Re4 Bd4 37. Qd1 Bxb2 38. a4 Be5 39. Qe1 Bd4 40. Re8 Qf4 41. g3 Qf5 42. Kh2 h5 43. a5 Bg7 44. a6 Qxd5 45. Rxf8+ Bxf8 46. Qa1+ Bg7 47. Qa5 Qa8 48. a7 Kh7 49. Qxc5 Qe4 50. Qa5 Qe2+ 51. Kh3 Be5 52. a8=Q Qf1+ 53. Qg2 Qf5+ 54. Kh2 Qg4 55. Qxe5 Qd7 56. Qge2 1-0

[Event "Turkey Cup 2019"]
[Site "Belek"]
[Date "2019.01.30"]
[Round "6.93"]
[White "Kizilkus, Tanju"]
[Black "Sayin, Atakan"]
[Result "0-1"]
[WhiteElo "1585"]
[BlackElo "1921"]
[Annotator "NA"]
[PlyCount "40"]
[EventDate "2019.01.27"]
[EventType "swiss"]
[EventCountry "TUR"]
[SourceTitle "playchess.com"]
[Source "ChessBase"]
[SourceQuality "1"]

1. d4 Nf6 2. g3 g6 3. Bg2 Bg7 4. Nf3 O-O 5. c4 d5 6. O-O dxc4 7. Na3 c3 8. bxc3 c5 9. Bb2 Nc6 10. Re1 Bf5 11. Ne5 Nxe5 12. dxe5 Ng4 13. e4 Be6 14. Qxd8 Rfxd8 15. f4 Rd3 16. c4 Rad8 17. Re2 Ne3 18. Rc1 Bg4 19. Rf2 Rd1+ 20. Bf1 Bh3 0-1

[Event "Turkey Cup 2019"]
[Site "Belek"]
[Date "2019.01.30"]
[Round "6.94"]
[White "Erkam, Hakan Oguzcan"]
[Black "Aydin, Hakan Arda"]
[Result "1/2-1/2"]
[WhiteElo "1483"]
[BlackElo "1915"]
[Annotator "NA"]
[PlyCount "41"]
[EventDate "2019.01.27"]
[EventType "swiss"]
[EventCountry "TUR"]
[SourceTitle "playchess.com"]
[Source "ChessBase"]
[SourceQuality "1"]

1. d4 Nf6 2. Nf3 e6 3. Bf4 c5 4. c3 Qb6 5. Qb3 Nc6 6. e3 d5 7. Qxb6 axb6 8. Bc7 Nd7 9. Bb5 Be7 10. O-O O-O 11. Nbd2 Bd8 12. Bd6 Be7 13. Bc7 Bd8 14. Bd6 Re8 15. e4 dxe4 16. Nxe4 Nf6 17. Nxf6+ Bxf6 18. dxc5 bxc5 19. Bxc5 e5 20. h3 Bf5 21. Rfd1 1/2-1/2

[Event "Turkey Cup 2019"]
[Site "Belek"]
[Date "2019.01.30"]
[Round "6.95"]
[White "Ustaoglu, Baran"]
[Black "Suzan, Ufuk"]
[Result "0-1"]
[WhiteElo "1194"]
[BlackElo "1831"]
[Annotator "NA"]
[PlyCount "55"]
[EventDate "2019.01.27"]
[EventType "swiss"]
[EventCountry "TUR"]
[SourceTitle "playchess.com"]
[Source "ChessBase"]
[SourceQuality "1"]

1. d4 Nf6 2. Nf3 g6 3. c4 Bg7 4. Nc3 O-O 5. e4 d6 6. h3 e5 7. d5 a5 8. Be3 Na6 9. Bd3 b6 10. Qd2 Nc5 11. Bc2 Ne8 12. g4 Bd7 13. O-O-O a4 14. Bh6 Qc8 15. Rdg1 Qa6 16. Bxg7 Nxg7 17. Qe2 Qa5 18. a3 b5 19. cxb5 Rab8 20. Bd3 Nxd3+ 21. Qxd3 Bxb5 22. Nxb5 Rxb5 23. Rd1 Rb3 24. Qe2 Rfb8 25. Rd2 Qc5+ 26. Rc2 Rxb2 27. Rxc5 Rxe2 28. Nd2 0-1

[Event "Turkey Cup 2019"]
[Site "Belek"]
[Date "2019.01.30"]
[Round "6.96"]
[White "Pulat, Gulce"]
[Black "Kazik, Oguz Kagan"]
[Result "0-1"]
[WhiteElo "1554"]
[BlackElo "1771"]
[Annotator "NA"]
[PlyCount "98"]
[EventDate "2019.01.27"]
[EventType "swiss"]
[EventCountry "TUR"]
[SourceTitle "playchess.com"]
[Source "ChessBase"]
[SourceQuality "1"]

1. e4 c5 2. Nc3 Nc6 3. Bb5 Nd4 4. f4 a6 5. Be2 g6 6. Nf3 Bg7 7. O-O e6 8. e5 d5 9. a4 Ne7 10. Bd3 Nec6 11. Nxd4 Nxd4 12. Ne2 Nc6 13. c3 O-O 14. Bc2 d4 15. Be4 d3 16. Ng3 Na5 17. Kh1 c4 18. b4 Nb3 19. Rb1 Qd7 20. Rxb3 cxb3 21. Qxb3 f6 22. exf6 Rxf6 23. Rf3 Qf7 24. Rxd3 Rxf4 25. Rd8+ Bf8 26. Bf3 Qc7 27. Rd3 Bd7 28. Ne2 Rf7 29. Re3 Bh6 30. Re4 Re8 31. b5 axb5 32. axb5 Qb6 33. c4 Bc6 34. c5 Qxb5 35. Qxb5 Bxb5 36. Rh4 Bxe2 37. Bxe2 Rf2 38. Re4 Kf7 39. g3 Rf5 40. Rb4 Rxc5 41. Rxb7+ Kg8 42. Ba3 Re5 43. Bb5 Rd8 44. d3 Ra8 45. Bb2 Re2 46. Bc4 Rf8 47. Bd4 Rf1+ 48. Bg1 Be3 49. Bxe6+ Kh8 0-1

[Event "Turkey Cup 2019"]
[Site "Belek"]
[Date "2019.01.31"]
[Round "7.1"]
[White "Yilmazyerli, Mert"]
[Black "Kamer, Kayra"]
[Result "1/2-1/2"]
[WhiteElo "2436"]
[BlackElo "2417"]
[Annotator "TA"]
[PlyCount "107"]
[EventDate "2019.01.27"]
[EventType "swiss"]
[EventCountry "TUR"]
[SourceTitle "playchess.com"]
[Source "ChessBase"]
[SourceQuality "1"]

1. d4 Nf6 2. c4 g6 3. Nc3 Bg7 4. e4 d6 5. Be2 O-O 6. Bg5 Nbd7 7. Qd2 e5 8. Nf3 c6 9. O-O Qc7 10. Rfe1 Re8 11. Bf1 exd4 12. Nxd4 Nc5 13. f3 a5 14. b3 Nfd7 15. Rab1 Nb6 16. Be3 Be6 17. Red1 Be5 18. Kh1 Qe7 19. f4 Bg7 20. Nxe6 Bxc3 21. Qxc3 Qxe6 22. e5 Qf5 23. exd6 Nbd7 24. Rbc1 Ne4 25. Qc2 Ng3+ 26. hxg3 Qh5+ 27. Kg1 Rxe3 28. Re1 Nf6 29. Be2 Qc5 30. Kh2 Rae8 31. d7 Nxd7 32. Qd2 Qe7 33. Red1 Rxe2 34. Qxd7 Qc5 35. Rd2 Qh5+ 36. Kg1 Qc5+ 37. Kh2 Qh5+ 38. Kg1 R2e7 39. Qd4 Re3 40. Rcd1 Rxg3 41. Qf6 Qg4 42. Rf1 Rge3 43. Rd8 Re2 44. Rf2 Re1+ 45. Rf1 R1e6 46. Qd4 Qe2 47. Rxe8+ Rxe8 48. f5 Qe3+ 49. Qxe3 Rxe3 50. Rd1 Re8 51. Rd7 Rb8 52. f6 h6 53. Kf2 g5 54. Ke3 1/2-1/2

[Event "Turkey Cup 2019"]
[Site "Belek"]
[Date "2019.01.31"]
[Round "7.2"]
[White "Tarlabasi, Emirhan"]
[Black "Kiremitciyan, Ari"]
[Result "1-0"]
[WhiteElo "2264"]
[BlackElo "2253"]
[Annotator "NA"]
[PlyCount "58"]
[EventDate "2019.01.27"]
[EventType "swiss"]
[EventCountry "TUR"]
[SourceTitle "playchess.com"]
[Source "ChessBase"]
[SourceQuality "1"]

1. d4 Nf6 2. c4 g6 3. h4 Nc6 4. Nc3 d6 5. Bg5 Bg7 6. e3 h6 7. Bxf6 Bxf6 8. h5 g5 9. Bd3 e6 10. Nge2 Bg7 11. Qd2 Bd7 12. O-O-O a6 13. f4 Qe7 14. f5 O-O-O 15. g4 Rde8 16. a3 Nb8 17. Rhf1 exf5 18. Nd5 Qd8 19. Bxf5 Be6 20. Ng3 Nd7 21. b3 c6 22. Nc3 Qa5 23. Kb2 c5 24. Nge4 cxd4 25. exd4 Qb6 26. Bxe6 fxe6 27. Rf7 Rhg8 28. c5 dxc5 29. dxc5 Nxc5 1-0

[Event "Turkey Cup 2019"]
[Site "Belek"]
[Date "2019.01.31"]
[Round "7.3"]
[White "Eren, Ataberk"]
[Black "Gulbeyaz, Emir"]
[Result "1-0"]
[WhiteElo "2171"]
[BlackElo "2179"]
[Annotator "NA"]
[PlyCount "61"]
[EventDate "2019.01.27"]
[EventType "swiss"]
[EventCountry "TUR"]
[SourceTitle "playchess.com"]
[Source "ChessBase"]
[SourceQuality "1"]

1. e4 g6 2. d4 Bg7 3. Nc3 d6 4. f4 Nf6 5. Nf3 O-O 6. e5 Nfd7 7. Bc4 Nb6 8. Bb3 Na6 9. Be3 c5 10. dxc5 Nxc5 11. O-O Nxb3 12. axb3 Bg4 13. exd6 exd6 14. Bd4 Bxd4+ 15. Qxd4 Bf5 16. Rf2 d5 17. Ne5 Re8 18. h3 a6 19. Rd1 f6 20. Nd3 Rc8 21. Nb4 Be4 22. Nd3 Qd6 23. Rfd2 Re6 24. g3 Rce8 25. Nc5 Bf3 26. Rf1 Re1 27. Rxe1 Rxe1+ 28. Kf2 Qe7 29. Kxf3 Rf1+ 30. Rf2 Qe1 31. Nd3 1-0

[Event "Turkey Cup 2019"]
[Site "Belek"]
[Date "2019.01.31"]
[Round "7.4"]
[White "Ozen, Bahadir"]
[Black "Ozkan, Ervin"]
[Result "1/2-1/2"]
[WhiteElo "2349"]
[BlackElo "2150"]
[Annotator "RC"]
[PlyCount "21"]
[EventDate "2019.01.27"]
[EventType "swiss"]
[EventCountry "TUR"]
[SourceTitle "playchess.com"]
[Source "ChessBase"]
[SourceQuality "1"]

1. Nf3 d5 2. d4 Nf6 3. c4 c6 4. cxd5 cxd5 5. Nc3 Nc6 6. Bf4 a6 7. e3 e6 8. Bd3 Bd6 9. Bxd6 Qxd6 10. O-O O-O 11. Rc1 1/2-1/2

[Event "Turkey Cup 2019"]
[Site "Belek"]
[Date "2019.01.31"]
[Round "7.5"]
[White "Gunduz, Umut Erdem"]
[Black "Yucesoy, Atil"]
[Result "1-0"]
[WhiteElo "2255"]
[BlackElo "1685"]
[Annotator "NA"]
[PlyCount "61"]
[EventDate "2019.01.27"]
[EventType "swiss"]
[EventCountry "TUR"]
[SourceTitle "playchess.com"]
[Source "ChessBase"]
[SourceQuality "1"]

1. e4 c6 2. d4 d5 3. Nd2 dxe4 4. Nxe4 Nd7 5. Qe2 e6 6. Nf3 Ngf6 7. g3 Nxe4 8. Qxe4 Nf6 9. Qe2 c5 10. dxc5 Bd7 11. Bg2 Bxc5 12. Ne5 Qb6 13. O-O Bd4 14. Nc4 Qc5 15. Bf4 Bc6 16. Nd6+ Ke7 17. Bxc6 bxc6 18. c3 Qh5 19. Qa6 Be5 20. Bxe5 Qxe5 21. Rad1 Nd5 22. Nb7 Qc7 23. Nc5 Rhb8 24. c4 Qb6 25. cxd5 Qxc5 26. dxc6 Rb6 27. Rd7+ Ke8 28. Qd3 Qxc6 29. Rd1 Rc8 30. Rd8+ Ke7 31. Qd7+ 1-0

[Event "Turkey Cup 2019"]
[Site "Belek"]
[Date "2019.01.31"]
[Round "7.6"]
[White "Dogan, Nazmi Can"]
[Black "Aytekin, Murat Eren"]
[Result "0-1"]
[WhiteElo "2244"]
[BlackElo "2163"]
[Annotator "NA"]
[PlyCount "54"]
[EventDate "2019.01.27"]
[EventType "swiss"]
[EventCountry "TUR"]
[SourceTitle "playchess.com"]
[Source "ChessBase"]
[SourceQuality "1"]

1. e4 g6 2. d4 Bg7 3. Nc3 d6 4. Nge2 Nd7 5. g3 Rb8 6. a4 c5 7. Bg2 b6 8. O-O Bb7 9. h3 Ngf6 10. d5 O-O 11. Be3 a6 12. Qc1 Re8 13. Bh6 Bh8 14. g4 e6 15. Ng3 exd5 16. exd5 Ne5 17. b3 b5 18. axb5 axb5 19. Bg5 Qb6 20. Qd2 b4 21. Na4 Qc7 22. Rad1 Ba6 23. Rfe1 c4 24. f4 c3 25. Qd4 Nexg4 26. Bxf6 Rxe1+ 27. Rxe1 Bxf6 0-1

[Event "Turkey Cup 2019"]
[Site "Belek"]
[Date "2019.01.31"]
[Round "7.7"]
[White "Kilic, Efe Mert"]
[Black "Erdogan, Anil Berk"]
[Result "1-0"]
[WhiteElo "2241"]
[BlackElo "2090"]
[Annotator "NA"]
[PlyCount "41"]
[EventDate "2019.01.27"]
[EventType "swiss"]
[EventCountry "TUR"]
[SourceTitle "playchess.com"]
[Source "ChessBase"]
[SourceQuality "1"]

1. e4 e6 2. d4 d5 3. Nd2 a6 4. Ngf3 c5 5. dxc5 Bxc5 6. Bd3 Nc6 7. exd5 exd5 8. O-O Nge7 9. a3 O-O 10. b4 Bb6 11. Nb3 Ng6 12. Re1 Bg4 13. h3 Bxf3 14. Qxf3 Nce5 15. Qf5 Nxd3 16. Qxd3 Qh4 17. Be3 Nf4 18. Qf5 Bc7 19. Rad1 Rfe8 20. g3 g6 21. Qxf4 1-0

[Event "Turkey Cup 2019"]
[Site "Belek"]
[Date "2019.01.31"]
[Round "7.8"]
[White "Baylav, Can"]
[Black "Olcum, Ahmet"]
[Result "0-1"]
[WhiteElo "2108"]
[BlackElo "2320"]
[Annotator "NA RC"]
[PlyCount "84"]
[EventDate "2019.01.27"]
[EventType "swiss"]
[EventCountry "TUR"]
[SourceTitle "playchess.com"]
[Source "ChessBase"]
[SourceQuality "1"]

1. e4 d6 2. d4 Nf6 3. Nc3 Nbd7 4. f4 e5 5. Nf3 exd4 6. Qxd4 c6 7. Be3 d5 8. e5 Ng4 9. Bg1 Nh6 10. Qd2 Nc5 11. h3 Nf5 12. Bf2 h5 13. g3 Be7 14. Bg2 Ne4 15. Nxe4 dxe4 16. Nd4 e3 17. Bxe3 Nxg3 18. Rg1 Nf5 19. O-O-O Nxd4 20. Bxd4 Be6 21. Kb1 g6 22. Be4 c5 23. Bc3 Qxd2 24. Rxd2 Rb8 25. Bd5 Bxd5 26. Rxd5 Rd8 27. Rxd8+ Bxd8 28. Kc1 Ke7 29. Rd1 Bc7 30. Be1 h4 31. Rd5 Ke6 32. Rxc5 Bb6 33. Rc4 Rd8 34. Bd2 Kf5 35. a4 Rd4 36. Rxd4 Bxd4 37. Be1 Kxf4 38. Bxh4 Bxe5 39. Bf2 a6 40. c4 Kf3 41. Be1 Ke2 42. Ba5 f5 0-1

[Event "Turkey Cup 2019"]
[Site "Belek"]
[Date "2019.01.31"]
[Round "7.9"]
[White "Korkmaz, Necmettin"]
[Black "Gokerkan, Cem Kaan"]
[Result "0-1"]
[WhiteElo "2053"]
[BlackElo "2420"]
[Annotator "TA"]
[PlyCount "142"]
[EventDate "2019.01.27"]
[EventType "swiss"]
[EventCountry "TUR"]
[SourceTitle "playchess.com"]
[Source "ChessBase"]
[SourceQuality "1"]

1. e4 c5 2. Nc3 Nc6 3. f4 g6 4. Nf3 Bg7 5. Bb5 Nd4 6. O-O Nxb5 7. Nxb5 a6 8. Nc3 b5 9. d3 d6 10. Qe1 Bb7 11. a4 b4 12. Ne2 a5 13. Rb1 c4 14. Be3 b3 15. cxb3 cxd3 16. Nc3 Nf6 17. Bd4 O-O 18. Rd1 Ba6 19. Nd2 Rb8 20. Nd5 Nxd5 21. Bxg7 Kxg7 22. exd5 Re8 23. f5 Qb6+ 24. Kh1 Qd4 25. Qg3 Qxd5 26. Rde1 f6 27. Re4 Rb4 28. Re3 g5 29. Qe1 Rb7 30. Qd1 Rc7 31. Nc4 Bxc4 32. bxc4 Qxc4 33. Rxd3 Qc2 34. Qf3 Qxb2 35. Qh5 Rc1 36. Rxc1 Qxc1+ 37. Rd1 Rc8 38. h4 Qf4 39. hxg5 Qxg5 40. Qe2 Qh4+ 41. Kg1 Kf8 42. Re1 Rc7 43. Qe3 Kg7 44. Rf1 Qg5 45. Rf4 Kf8 46. Qe4 h5 47. Rf2 Qg3 48. Rf1 h4 49. Qa8+ Kg7 50. Qxa5 h3 51. Qd2 Ra7 52. Qf2 Qxg2+ 53. Qxg2+ hxg2 54. Rf4 Kh6 55. Kxg2 Kg5 56. Kg3 d5 57. Kf3 Rb7 58. Rd4 Rd7 59. Rf4 Rb7 60. Rd4 Rd7 61. Rf4 Rc7 62. Ke3 Rc3+ 63. Kd2 Ra3 64. Rd4 Kxf5 65. Rxd5+ Ke4 66. Rh5 f5 67. Rh7 e5 68. Ra7 f4 69. Kc2 f3 70. Kb2 f2 71. Kxa3 f1=Q 0-1

[Event "Turkey Cup 2019"]
[Site "Belek"]
[Date "2019.01.31"]
[Round "7.10"]
[White "Arat, Ufuk Sezen"]
[Black "Kul, Ozdemir Efe"]
[Result "1-0"]
[WhiteElo "2361"]
[BlackElo "1998"]
[Annotator "TA"]
[PlyCount "57"]
[EventDate "2019.01.27"]
[EventType "swiss"]
[EventCountry "TUR"]
[SourceTitle "playchess.com"]
[Source "ChessBase"]
[SourceQuality "1"]

1. d4 Nf6 2. Nf3 g6 3. Nbd2 Bg7 4. e4 d6 5. Bd3 Nc6 6. O-O O-O 7. Re1 Nd7 8. c3 e5 9. Nb3 h6 10. Be3 f5 11. exf5 gxf5 12. dxe5 f4 13. Bd4 Ndxe5 14. Nxe5 Nxe5 15. Bxe5 Bxe5 16. Nd4 Bxd4 17. cxd4 c6 18. Qb3+ Kh8 19. d5 Qg5 20. Qc3+ Qg7 21. Qxg7+ Kxg7 22. dxc6 bxc6 23. Re7+ Rf7 24. Rxf7+ Kxf7 25. Rc1 Be6 26. Rxc6 Bxa2 27. Rxd6 Rb8 28. Ra6 Rxb2 29. Rxa2 1-0

[Event "Turkey Cup 2019"]
[Site "Belek"]
[Date "2019.01.31"]
[Round "7.11"]
[White "Kizilkus, Akin"]
[Black "Koksal, Ege"]
[Result "0-1"]
[WhiteElo "2100"]
[BlackElo "2360"]
[Annotator "TA"]
[PlyCount "96"]
[EventDate "2019.01.27"]
[EventType "swiss"]
[EventCountry "TUR"]
[SourceTitle "playchess.com"]
[Source "ChessBase"]
[SourceQuality "1"]

1. d4 Nf6 2. c4 e6 3. Nf3 b6 4. a3 Bb7 5. Nc3 d5 6. cxd5 Nxd5 7. e3 g6 8. Bb5+ c6 9. Bd3 Bg7 10. O-O O-O 11. e4 Nxc3 12. bxc3 c5 13. Bg5 Qd7 14. e5 cxd4 15. cxd4 Nc6 16. Be4 Na5 17. Bxb7 Qxb7 18. Qd3 Rac8 19. Rac1 Qd7 20. Rfd1 h6 21. Bd2 Nc6 22. Be3 Ne7 23. Qb3 Nd5 24. Nd2 Rxc1 25. Rxc1 Rc8 26. Rxc8+ Qxc8 27. Ne4 Qc6 28. f3 a5 29. Bd2 a4 30. Qb2 Bf8 31. Nc3 Nxc3 32. Bxc3 Qc4 33. Kf2 b5 34. Ke1 Be7 35. g3 Kf8 36. f4 Ke8 37. Kd2 Kd7 38. Ke3 g5 39. fxg5 Bxg5+ 40. Kf2 h5 41. Bd2 Qb3 42. Bc3 Kc6 43. Qxb3 axb3 44. Bb2 Kd5 45. Kf3 Kc4 46. Ke2 Bd8 47. h4 Ba5 48. g4 Bc3 0-1

[Event "Turkey Cup 2019"]
[Site "Belek"]
[Date "2019.01.31"]
[Round "7.12"]
[White "Sevgi, Volkan"]
[Black "Koc, Ilkay"]
[Result "1-0"]
[WhiteElo "2292"]
[BlackElo "2000"]
[Annotator "NA"]
[PlyCount "51"]
[EventDate "2019.01.27"]
[EventType "swiss"]
[EventCountry "TUR"]
[SourceTitle "playchess.com"]
[Source "ChessBase"]
[SourceQuality "1"]

1. e4 c5 2. Nc3 a6 3. g4 b5 4. Bg2 Bb7 5. d3 d6 6. Nh3 e6 7. O-O Nc6 8. Be3 Nf6 9. g5 Nd7 10. f4 Nd4 11. Ne2 Nxe2+ 12. Qxe2 Qc7 13. c3 Nb6 14. d4 d5 15. f5 cxd4 16. cxd4 Qc4 17. Qf2 dxe4 18. Rac1 Qxa2 19. d5 Nxd5 20. fxe6 f6 21. Bxe4 Be7 22. Bc5 Qb3 23. Rc3 Rc8 24. Bxe7 Rxc3 25. bxc3 Kxe7 26. Qa7 1-0

[Event "Turkey Cup 2019"]
[Site "Belek"]
[Date "2019.01.31"]
[Round "7.13"]
[White "Ozenir, Ekin Baris"]
[Black "Ozsakallioglu, Okan"]
[Result "1-0"]
[WhiteElo "2267"]
[BlackElo "2051"]
[Annotator "NA"]
[PlyCount "183"]
[EventDate "2019.01.27"]
[EventType "swiss"]
[EventCountry "TUR"]
[SourceTitle "playchess.com"]
[Source "ChessBase"]
[SourceQuality "1"]

1. d4 Nf6 2. Bg5 g6 3. Bxf6 exf6 4. e3 d5 5. g3 Bd6 6. Bg2 c6 7. Nd2 h5 8. Ngf3 Bg4 9. h3 Be6 10. Qe2 Qb6 11. b3 O-O 12. O-O Nd7 13. e4 Bb4 14. Qd3 Rfd8 15. c3 Bf8 16. Rae1 Bg7 17. Nh4 dxe4 18. Nxe4 Nf8 19. f4 f5 20. Ng5 c5 21. g4 cxd4 22. c4 fxg4 23. f5 gxf5 24. Nxf5 Bxf5 25. Rxf5 f6 26. Ne4 Ng6 27. Nxf6+ Bxf6 28. Rb5 Nf4 29. Qf5 Qd6 30. Rxb7 Nxh3+ 31. Kh1 Nf2+ 32. Qxf2 Re8 33. Rf1 Rf8 34. Qf5 Bg7 35. Bd5+ Kh8 36. Qxh5+ Qh6 37. Qxh6+ Bxh6 38. Rg1 d3 39. Be4 Rf4 40. Bxd3 Rd8 41. Rh7+ Kg8 42. Rxh6 Rxd3 43. Rg6+ Kf7 44. R1xg4 Rd1+ 45. Kh2 Rd2+ 46. Rg2 Rh4+ 47. Kg1 Rd1+ 48. Kf2 Rhh1 49. Rg7+ Kf6 50. Rxa7 Rd2+ 51. Kg3 Rd3+ 52. Kg4 Rf1 53. Ra6+ Ke7 54. Ra5 Re1 55. Rd5 Rc3 56. Rf2 Ke6 57. Kf4 Rh3 58. Rdd2 Rhe3 59. Rd4 Re5 60. Rdd2 R1e3 61. Kg4 R5e4+ 62. Rf4 Re5 63. Rd5 Rxd5 64. cxd5+ Kxd5 65. Ra4 Ke5 66. Rc4 Re2 67. a4 Kd5 68. Kf3 Re8 69. Rb4 Kc5 70. Rb5+ Kc6 71. Kf4 Re1 72. Rb8 Kc7 73. Rb4 Kc6 74. a5 Re2 75. Rb6+ Kc7 76. b4 Re1 77. b5 Ra1 78. Rc6+ Kb8 79. a6 Ra5 80. Rc5 Ra1 81. Ke5 Ka8 82. Kd5 Kb8 83. Kc6 Rf1 84. b6 Ka8 85. Re5 Rc1+ 86. Rc5 Rg1 87. Rd5 Rc1+ 88. Kd7 Kb8 89. Rf5 Rd1+ 90. Kc6 Rc1+ 91. Rc5 Rg1 92. a7+ 1-0

[Event "Turkey Cup 2019"]
[Site "Belek"]
[Date "2019.01.31"]
[Round "7.14"]
[White "Yuksel, Atilla Koksal"]
[Black "Deniz, Medeni"]
[Result "1-0"]
[WhiteElo "2236"]
[BlackElo "1933"]
[Annotator "NA"]
[PlyCount "85"]
[EventDate "2019.01.27"]
[EventType "swiss"]
[EventCountry "TUR"]
[SourceTitle "playchess.com"]
[Source "ChessBase"]
[SourceQuality "1"]

1. e4 e5 2. Nf3 Nf6 3. Nxe5 d6 4. Nf3 Nxe4 5. Qe2 Qe7 6. d3 Nf6 7. Bg5 Qxe2+ 8. Bxe2 Be7 9. Nc3 c6 10. O-O-O h6 11. Bh4 O-O 12. Ne4 Nbd7 13. Bg3 Ne8 14. Nc3 d5 15. d4 Bd6 16. Bd3 Ndf6 17. Rde1 Nh5 18. Rxe8 Rxe8 19. Bxd6 Rd8 20. Bc7 Re8 21. h3 Be6 22. Kd2 Rac8 23. Bh2 Nf6 24. Re1 Red8 25. b3 Kf8 26. Ne5 Nd7 27. Ng6+ Ke8 28. f4 Nf8 29. Nxf8 Kxf8 30. f5 Bd7 31. Na4 Ra8 32. Bc7 Re8 33. Nc5 Rxe1 34. Nxd7+ Ke8 35. Nf6+ gxf6 36. Kxe1 Kd7 37. Bf4 h5 38. h4 a5 39. a4 b6 40. Kd2 Rg8 41. g3 Rc8 42. Be2 Rh8 43. c4 1-0

[Event "Turkey Cup 2019"]
[Site "Belek"]
[Date "2019.01.31"]
[Round "7.15"]
[White "Aydin, Ismail"]
[Black "Aydincelebi, Kagan"]
[Result "0-1"]
[WhiteElo "1950"]
[BlackElo "2206"]
[Annotator "NA"]
[PlyCount "90"]
[EventDate "2019.01.27"]
[EventType "swiss"]
[EventCountry "TUR"]
[SourceTitle "playchess.com"]
[Source "ChessBase"]
[SourceQuality "1"]

1. d4 Nf6 2. c4 c5 3. e3 g6 4. Nc3 Bg7 5. Bd3 O-O 6. Nge2 cxd4 7. exd4 d5 8. O-O Nc6 9. h3 Nb4 10. c5 Nxd3 11. Qxd3 b6 12. Bf4 Bf5 13. Qb5 bxc5 14. Qxc5 Qd7 15. Rfe1 Rfc8 16. Qa5 Qb7 17. Na4 Ne4 18. Rac1 Bf8 19. f3 e5 20. fxe4 Bb4 21. Qxd5 Qxd5 22. exd5 Bxe1 23. dxe5 Rxc1 24. Bxc1 Rd8 25. Nac3 Re8 26. g4 Bd3 27. Bf4 g5 28. Bxg5 Bxe2 29. d6 Bxc3 30. bxc3 Bb5 31. c4 Bd7 32. Be3 Rxe5 33. Bxa7 Ra5 34. Bf2 Rxa2 35. Kg2 Kg7 36. Kf3 Kf6 37. Bg3 Rc2 38. Bf4 Rxc4 39. Kg3 Kg6 40. Be3 Rc3 41. Kf4 Rd3 42. h4 Rxe3 43. h5+ Kh6 44. Kxe3 Bxg4 45. Kf4 Kxh5 0-1